00385nam a2200169Ia 4500008004100000041001200041082001000053082001100063100001700074100001100091245002300102260001400125260003000139260000900169365002500178650001200203150901s9999 xx 000 0 und d aEnglish a595.7 bSAX/BI aSaxena S.C  eAuthor aBiology of insects aNew Delhi bOxford and IBH publishing c1992 aRs.89  aInsects